1246 1391 1651 1927 1283 1538 1987 1318 1719 1829 1605 1394 1930 1385 1658 1783 1918 1411 1069 1203 1100 1426 1475 1276 1343 1556 1398 1982 1043 1005 1199 1607 1963 1686 1355 1385 1631 1543 1554 1300 1925 1846 1805 1650 1192 1551 1444 1509 1174 1439 1084 1986 1634 1822 1348 1085 1977 1595 1757 1631 1900 1342 1339 1751 1046 1043 1014 1847 1558 1837 1789 1179 1853 1548 1019 1560 1361 1263 1753 1213 1204 1932 1286 1867 1446 1752 1626 1000 1707 1088 1727 1645 1549 1788 1923 1102 1259 1345 1811 BCNSPRNW ULIB Ver.6.0+V

เปลี่ยนเป็นภาษาไทย

Change to English
 แสดงรายละเอียดบรรณานุกรม
  กลับหน้าหลัก

Brief Record : Get Marc (ISO 2709) : E-mail record : QR code < ปิดหน้าต่าง
LEADER : 00000nam 2200000uu 4500
001    13399112873
003     ULIB
008    110914s2552||||th 000 0 tha d
020    9786115000111
090    นว.^bณ411ธ 2552
100 0  ณารา
245 00 ธาราหิมาลัย/^cณารา
250    พิมพ์ครั้งที่ 1
260    กรุงเทพฯ :^bพิมพ์คำ,^c2552
300    480 หน้า
945    ^p290^l0^i15841
995    กัณชพร
999     ^aใช้งานได้ทุกระบบ
รายการนี้ยังไม่มีแท็ก
คุณยังไม่ได้ล็อกอิน คุณสามารถมีกิจกรรมร่วมกับเว็บไซต์ได้ แต่ต้องล็อกอินก่อน ::
  ล็อกอิน

รายการสื่อสารสนเทศ

ลำดับที่ ประเภท เลขเรียก/บาร์โค้ด สถานที่ สถานะ
1. นวนิยาย
นวนิยาย
นว. ณ411ธ 2552  
  Barcode: 15841
ห้องสมุดวิทยาเขตสวรรค์ประชารักษ์
►นวนิยาย
บนชั้น
  ขอยืม

รายการใกล้เคียง
    ผู้แต่ง [ณารา]

BibComment


ยังไม่เคยถูกคอมเมนท์

คอมเมนท์ทรัพยากรรายการนี้
  คอมเมนท์: ธาราหิมาลัย ณารา


 Copyright 2026. Bcnsprnw @Library